| 000 | 00000nam##2200000za#4500 |
| 001 | 9.648274 |
| 003 | CaOODSP |
| 005 | 20210615113018 |
| 007 | ta |
| 008 | 150407|2001||||xxc||||| f|0| 0 eng|d |
| 020 | |a0-662-30924-3 |
| 040 | |aCaOODSP|beng |
| 043 | |an-cn--- |
| 086 | 1 |aE2-414/2001E |
| 110 | 1 |aCanada.|bForeign Affairs and International Trade. |bCanadian Centre for Foreign Policy Development. |
| 245 | 10|aCyprus: sharing the Canadian experience of living together / |cby Marketa Geislerova. |
| 260 | |aOttawa - Ontario : |bForeign Affairs and International Trade. |c2001. |
| 300 | |a51p. in various pagings. : |c28 cm. |
| 500 | |a"This report is a result of two CCFPD roundtables held in Banff, Alberta, Canada (March 28-30, 2001), and Lanarka, Cyprus (June 15-16,2001)". |
| 504 | |aBibliography. |
| 520 | 3 |aThis report summarizes presentations and discussions held in March and June of 2001 in Canada and Cyprus on how Canadian foreign policy might contribute to a resolution of the decades-long deadlock between Turks and Greeks in Cyprus. The presentations examine such topics as government structures, common functional arrangements, the impact of embargoes, and cultures and identities. |
| 563 | |aSoftcover |
| 590 | |a02-35|b2002-08-23 |
| 690 | 07|aExternal relations|2gcpds |
| 690 | 07|aPeacekeeping forces|2gcpds |
| 720 | 1 |aGeislerova, Marketa |
| 776 | 0#|tLiving together: Sharing the Canadian Experience (March 28-30, 2001, Banff, Alberta) : |w(CaOODSP)9.686238 |
| 776 | 0#|tCyprus: Sharing the Canadian Experience of Living Together, June 15-17, 2001 (Larnaca, Cyprus) / |w(CaOODSP)9.686239 |
| 986 | |a7005.2E & 7005.3E |